000 00658nam a2200181Ia 4500
008 220216s9999 xx 000 0 und d
100 _aMeenakumari T
245 0 _aEffect of ethephon stimulation on the physical and mechanical properties of rubber wood (Hevea brasiliensis) muell. Arg.
260 _bThe Progress and Development of Rubber Small Holders: Proceedings of the Ninth Seminar, 9-11 November 2005, Cochin, India. pp. 99-107.
650 _aEthephon stimulation
650 _aRubber wood
650 _aWood properties
700 _aReghu C P
700 _aSaraswathyamma C K
700 _aThomas Jimmy
700 _aThomas V
942 _cBS
999 _c51518
_d51518